Statistics for NBA Chain Quiz

Click here to take the quiz!

General Stats

  • This quiz has been taken 264 times
  • The average score is 15 of 37

Answer Stats

Question Answer % Correct
What does NBA stand for?National Basketball Association
96%
When was it created?1946
80%
The first game was played with what team (name one)New York Knickerbockers vs Toronto Huskies
68%
Who won?New York Knickerbockers
65%
Where was it played?Toronto, Maple Leaf Gardens
59%
What is their arena called now?Madison Square Garden
54%
Which one of their players won the Regular Season, All Star Game, and Finals MVP? (1969-70)Willis Reed
41%
Who was drafted in..2003
40%
The jersey number of which Heat legend?Dwyane Wade
39%
Who has how many kids?3
39%
Teamates with star point guard..Walt Frazier
39%
Who was drafted with the _ pick in the NBA Draft.7th
38%
Who have how many All-Stars?4
38%
Who in 2017 drafted..Lonzo Ball
37%
Who won the NBA championship that year?Los Angeles Lakers
37%
In what year?2009
37%
Who's nickname is..The Joker
36%
A player from that team blew in LeBron James' ear. Who is he?Lance Stephenson
36%
A nation which the Nuggets young star _____ ____ is fromNikola Jokic
36%
Who wears a ____ mask.Black
35%
Who players for the..Indiana Pacers
35%
One of them won 2 mvp's..Stephen Curry
35%
He has been on Shaqtin' a Fool, but so has J____ M_____Javale Mcgee
35%
Who is a character in the movie..Batman
35%
Who else wore a black mask in the 2018 Dunk Contest?Victor Oladipo
35%
Against the..Golden State Warriors
35%
Who's father is..Lavar Ball
35%
Who recently won a championship in..2016
34%
Who retired as a..Cleveland Cavalier
34%
With the 2nd pick in that draft, the Pistons selected..Darko Milicic
33%
Who is from..Serbia
30%
Speaking of those, will this one ever end?Yes
28%
But who won Shaqtin' a Fool MVP in 2017?Russell Westbrook
25%
Which you need to do during a Q___Quiz
23%
Who shares his jersey number with ___ guard Jerryd BaylessPhiladelphia 76ers
23%
Who used to have superstar guard..Allen Iverson
23%
Known as the..Answer
23%

Score Distribution

Percentile by Number Answered

Percent of People with Each Score

Your Score History

You have not taken this quiz